| 000 | 00882nas1a22002531i 4500 | ||
|---|---|---|---|
| 001 | RU\NLR\Per\524527 | ||
| 005 | 20240921184559.0 | ||
| 035 | _a(NLR Aleph) 002706341 | ||
| 090 |
_a4365039 _c4365039 |
||
| 100 | _a20080205a20079999|||y0rusy50 ca | ||
| 101 | 0 | _arus | |
| 102 | _aRU | ||
| 110 | _aa | ||
| 200 | 1 |
_aКосметический рынок сегодня _eИнформационно-аналитический вестник |
|
| 210 |
_aМосква _d2007 - |
||
| 606 | 1 |
_aПарфюмерно-косметическая промышленность _jПериодические издания _xРынки _92502695 _3RU\NLR\AUTH\661484213 |
|
| 686 | 1 | _aУ30(2)675.34-17 | |
| 801 | 2 |
_aRU _bNLR _c20080215 _2rusmarc |
|
| 801 | 0 |
_aRU _bNLR _gPSBO |
|
| 801 | 1 |
_aRU _bNLR _c20080205 _2rusmarc |
|
| 852 |
_aNLR _jФГО |
||
| 942 | _cJOURNAL | ||
| 980 | _aRUSPER | ||